Gérer les conflits (notice n° 1554976)
[ vue normale ]
| 000 -LEADER | |
|---|---|
| fixed length control field | 01353cam a2200277zu 4500 |
| 003 - CONTROL NUMBER IDENTIFIER | |
| control field | FRCYB45001631 |
| 005 - DATE AND TIME OF LATEST TRANSACTION | |
| control field | 20251020123654.0 |
| 008 - FIXED-LENGTH DATA ELEMENTS--GENERAL INFORMATION | |
| fixed length control field | 251020s2005 fr | o|||||0|0|||fre d |
| 020 ## - INTERNATIONAL STANDARD BOOK NUMBER | |
| International Standard Book Number | 9782100067251 |
| 035 ## - SYSTEM CONTROL NUMBER | |
| System control number | FRCYB45001631 |
| 040 ## - CATALOGING SOURCE | |
| Original cataloging agency | FR-PaCSA |
| Language of cataloging | fr |
| Transcribing agency | |
| Description conventions | rda |
| 100 1# - MAIN ENTRY--PERSONAL NAME | |
| Personal name | Marsan, Christine |
| 245 01 - TITLE STATEMENT | |
| Title | Gérer les conflits |
| Remainder of title | de personnes - de management - d'organisation |
| Statement of responsibility, etc. | ['Marsan, Christine'] |
| 264 #1 - PRODUCTION, PUBLICATION, DISTRIBUTION, MANUFACTURE, AND COPYRIGHT NOTICE | |
| Name of producer, publisher, distributor, manufacturer | Dunod |
| Date of production, publication, distribution, manufacture, or copyright notice | 2005 |
| 300 ## - PHYSICAL DESCRIPTION | |
| Extent | p. |
| 336 ## - CONTENT TYPE | |
| Content type code | txt |
| Source | rdacontent |
| 337 ## - MEDIA TYPE | |
| Media type code | c |
| Source | rdamdedia |
| 338 ## - CARRIER TYPE | |
| Carrier type code | c |
| Source | rdacarrier |
| 520 ## - SUMMARY, ETC. | |
| Summary, etc. | La gestion des conflits est une situation complexe trop souvent réduite à un simple problème relationnel. Cet ouvrage offre un panorama très complet des différents types de conflits : interpersonnels ; intergroupes ; multiculturels ; relatifs aux changements ; organisationnels. De nombreux conflits ne dépendent pas des personnes (ce qu'il est souvent bien commode de croire pour les dirigeants), mais du mode de management et de l'organisation qui favorisent les comportements de pouvoir ou de territoire au détriment des modes coopératifs. |
| 650 #0 - SUBJECT ADDED ENTRY--TOPICAL TERM | |
| Topical term or geographic name entry element | |
| 700 0# - ADDED ENTRY--PERSONAL NAME | |
| Personal name | Marsan, Christine |
| 856 40 - ELECTRONIC LOCATION AND ACCESS | |
| Access method | Cyberlibris |
| Uniform Resource Identifier | <a href="https://international.scholarvox.com/netsen/book/45001631">https://international.scholarvox.com/netsen/book/45001631</a> |
| Electronic format type | text/html |
| Host name | |
Pas d'exemplaire disponible.




Réseaux sociaux